[Event "Madurai Athens of the East op 3rd"]
[Site "Madurai"]
[Date "2023.12.26"]
[Round "5"]
[White "Nguyen, Duc Hoa"]
[Black "Priansh, Das"]
[Result "1-0"]
[WhiteElo "2335"]
[BlackElo "1910"]
[PlyCount "115"]
[EventDate "2023.12.23"]
[EventType "swiss"]
[EventRounds "10"]
[EventCountry "IND"]
[SourceTitle "CB06_2024"]
[SourceDate "2024.02.07"]
[SourceVersion "1"]
[SourceVersionDate "2024.02.07"]
[SourceQuality "1"]

1. e4 e6 2. d4 d5 3. Nc3 Nf6 4. e5 Nfd7 5. f4 c5 6. Nf3 Nc6 7. Ne2 cxd4 8. Nexd4 Nc5 9. Be3 Be7 10. Be2 0-0 11. 0-0 Bd7 12. Rc1 Rc8 13. c4 dxc4 14. Rxc4 Na5 15. Rc1 Na4 16. Qd2 Nc6 17. Bd3 Nb4 18. Be4 Rxc1 19. Rxc1 Nxa2 20. Rd1 Nb4 21. f5 exf5 22. Bxf5 Nd5 23. Bf2 Nc5 24. Bb1 g6 25. Qh6 Re8 26. Ba2 Bf8 27. Qc1 Nb4 28. Bc4 Qc8 29. Ng5 Ne6 30. Ne4 Rd8 31. Bh4 Nxd4 32. Bxd8 Qxd8 33. Rxd4 Qb6 34. Nf6+ Kg7 35. Qf4 Nc2 36. Nh5+ Kh8 37. Kh1 Bf5 38. Rd7 Qb4 39. Rxf7 Bh6 40. Rd7 Qe1+ 41. Bf1 Bxd7 42. Qf6+ Kg8 43. Qd8+ Bf8 44. Nf6+ Kf7 45. Qxd7+ Be7 46. Qe8+ Ke6 47. Qd7+ Kf7 48. Qd5+ Kg7 49. Qg8+ Kh6 50. Qxh7+ Kg5 51. Ne4+ Qxe4 52. Qxe7+ Kh6 53. Qf8+ Kh7 54. Qf7+ Kh6 55. e6 Ne3 56. e7 Nxf1 57. e8Q Qb1 58. Qh8+ 1-0

[Event "Bhubaneswar op-A 14th"]
[Site "Bhubaneswar"]
[Date "2023.06.17"]
[Round "9"]
[White "Mandal, Sanjeeban"]
[Black "Priansh, Das"]
[Result "1/2-1/2"]
[WhiteElo "1426"]
[BlackElo "1851"]
[PlyCount "120"]
[EventDate "2023.06.11"]
[EventType "swiss"]
[EventRounds "10"]
[EventCountry "IND"]
[SourceTitle "CBM 214 Extra"]
[Source "ChessBase"]
[SourceDate "2023.07.31"]
[SourceVersion "1"]
[SourceVersionDate "2023.07.31"]
[SourceQuality "1"]

1. e4 e6 2. d4 d5 3. exd5 exd5 4. Nf3 Bd6 5. c4 dxc4 6. Bxc4 Nf6 7. 0-0 0-0 8. h3 Nbd7 9. Bg5 h6 10. Bh4 Nb6 11. Bd3 Nbd5 12. Nc3 Nf4 13. Bg3 Nxd3 14. Qxd3 Bxg3 15. fxg3 b6 16. Ne5 Bb7 17. Rf2 Nd7 18. Qf5 Nxe5 19. dxe5 Qe7 20. Re1 Rfe8 21. Kh2 Rad8 22. Re3 a6 23. b4 Rd4 24. a3 Qe6 25. Qc2 Qc4 26. Qf5 Qe6 27. Qc2 Qc6 28. Qf5 Re7 29. Ne2 Rd2 30. e6 f6 31. Qg4 b5 32. h4 Qb6 33. Qf4 Rd6 34. Nc3 Rexe6 35. Rxe6 Rxe6 36. Rd2 Rd6 37. Re2 Qc6 38. Qe3 Qc4 39. Nb1 Rd1 40. Nc3 Rd3 41. Qe8+ Kh7 42. Ne4 Bxe4 43. Rxe4 Qd5 44. Rg4 Qd7 45. Qg6+ Kg8 46. Re4 Kf8 47. Re8+ Qxe8 48. Qxd3 Qc6 49. Qf5 Kf7 50. Qh5+ Kf8 51. Qf5 Qd6 52. Qc2 Kf7 53. a4 Qxb4 54. Qxc7+ Kg6 55. a5 Qc4 56. Qd7 Qc5 57. g4 Qe5+ 58. Kh3 Qe3+ 59. g3 Qe4 60. Kh2 b4 1/2-1/2

[Event "IND-chT 38th"]
[Site "Bhubaneswar"]
[Date "2018.02.08"]
[Round "1.3"]
[White "Thejkumar, MS."]
[Black "Priansh, Das"]
[Result "1-0"]
[WhiteElo "2500"]
[BlackElo "1576"]
[PlyCount "67"]
[EventDate "2018.02.08"]
[EventType "team-swiss"]
[EventRounds "9"]
[EventCountry "IND"]
[SourceTitle "CBM 182 Extra"]
[Source "ChessBase"]
[SourceDate "2018.02.23"]
[SourceVersion "1"]
[SourceVersionDate "2018.02.23"]
[SourceQuality "1"]
[WhiteTeam "Railway Sports"]
[BlackTeam "Odisha Master CF"]
[WhiteTeamCountry "IND"]
[BlackTeamCountry "IND"]

1. d4 Nf6 2. c4 d6 3. Nc3 g6 4. e4 Bg7 5. Be2 0-0 6. Bg5 c6 7. Qd2 Nbd7 8. Nf3 Qc7 9. 0-0 c5 10. Rac1 cxd4 11. Nxd4 Nc5 12. f3 Be6 13. b4 Ncd7 14. Ncb5 Qb6 15. Be3 Qd8 16. Nxe6 fxe6 17. Nd4 Rf7 18. Nxe6 Qc8 19. c5 dxc5 20. Ng5 Rf8 21. Bc4+ Kh8 22. Nf7+ Rxf7 23. Bxf7 b6 24. bxc5 Nxc5 25. e5 Nfd7 26. Be6 Qc7 27. Bxd7 Qxd7 28. Qxd7 Nxd7 29. f4 g5 30. g3 gxf4 31. gxf4 Rg8 32. Kf2 Rf8 33. Ke2 a6 34. Rc7 1-0

[Event "Wch U08"]
[Site "Pocos de Caldas"]
[Date "2017.08.28"]
[Round "8"]
[White "Priansh, Das"]
[Black "Lohia, Sohum"]
[Result "1-0"]
[WhiteElo "1482"]
[BlackElo "1120"]
[PlyCount "59"]
[EventDate "2017.08.22"]
[EventType "swiss"]
[EventRounds "11"]
[EventCountry "BRA"]
[SourceTitle "CBM 180 Extra"]
[Source "ChessBase"]
[SourceDate "2017.10.06"]
[SourceVersion "1"]
[SourceVersionDate "2017.10.06"]
[SourceQuality "1"]

1. e4 e5 2. Nf3 Nc6 3. Bc4 Nf6 4. d3 Be7 5. Nc3 0-0 6. Be3 d6 7. h3 Na5 8. Bb3 Nxb3 9. axb3 a6 10. Qd2 c6 11. 0-0 Bd7 12. d4 exd4 13. Bxd4 c5 14. Bxf6 Bxf6 15. Qxd6 Rc8 16. Rad1 Be6 17. Qf4 Qc7 18. Qxc7 Rxc7 19. e5 Be7 20. Nd5 Bxd5 21. Rxd5 Rd8 22. Rxd8+ Bxd8 23. Rd1 Be7 24. Rd5 Rc8 25. Rd7 Bf8 26. Rxb7 Rd8 27. Kf1 Rd1+ 28. Ke2 Rb1 29. Ra7 Rxb2 30. Kd2 1-0

[Event "Wch U08"]
[Site "Pocos de Caldas"]
[Date "2017.08.27"]
[Round "6"]
[White "Lopez Rayo, Santiago"]
[Black "Priansh, Das"]
[Result "1-0"]
[WhiteElo "1566"]
[BlackElo "1482"]
[PlyCount "131"]
[EventDate "2017.08.22"]
[EventType "swiss"]
[EventRounds "11"]
[EventCountry "BRA"]
[SourceTitle "CBM 180 Extra"]
[Source "ChessBase"]
[SourceDate "2017.10.06"]
[SourceVersion "1"]
[SourceVersionDate "2017.10.06"]
[SourceQuality "1"]

1. e4 e6 2. d4 d5 3. Nd2 c5 4. exd5 exd5 5. Ngf3 Nc6 6. Be2 Nf6 7. 0-0 Bd6 8. dxc5 Bxc5 9. Nb3 Be7 10. Re1 0-0 11. Bg5 h6 12. Bh4 Be6 13. Nbd4 Bc5 14. Nxe6 fxe6 15. Bd3 Qd7 16. Qe2 Rae8 17. Bg6 Re7 18. Rad1 e5 19. Qb5 b6 20. Qb3 Na5 21. Qc3 d4 22. Qd3 Qd5 23. Be4 Qd6 24. a3 Nc6 25. b4 Bxb4 26. axb4 Nxb4 27. Qb3+ Kh8 28. c3 Nc6 29. Qa4 Rc7 30. cxd4 Nxd4 31. Nxd4 exd4 32. Bg3 Qd7 33. Qb4 Rcc8 34. Rxd4 Qf7 35. Bf3 Rfe8 36. Red1 Qe6 37. h3 a5 38. Qa4 Qf5 39. Bb7 Rc3 40. Bf3 Qc5 41. Bd6 Qf5 42. Bg4 Qc2 43. Qxc2 Rxc2 44. Ra4 Rb2 45. Rc1 Nd5 46. Bf5 Rd8 47. Be5 Re2 48. Bg3 Nb4 49. Bc7 Rf8 50. Bg4 Rb2 51. f3 Nd3 52. Rcc4 Nc5 53. Ra3 Na6 54. Rc6 Nxc7 55. Rxc7 Ra8 56. Rd3 a4 57. Rdd7 a3 58. Rxg7 Re2 59. Rh7+ Kg8 60. Rcg7+ Kf8 61. Rh8+ Kxg7 62. Rxa8 a2 63. Kh2 Kf6 64. f4 b5 65. Bxe2 b4 66. Rxa2 1-0

[Event "Wch U08"]
[Site "Pocos de Caldas"]
[Date "2017.08.24"]
[Round "4"]
[White "Wongso, Steve"]
[Black "Priansh, Das"]
[Result "1/2-1/2"]
[WhiteElo "1732"]
[BlackElo "1482"]
[PlyCount "69"]
[EventDate "2017.08.22"]
[EventType "swiss"]
[EventRounds "11"]
[EventCountry "BRA"]
[SourceTitle "CBM 180 Extra"]
[Source "ChessBase"]
[SourceDate "2017.10.06"]
[SourceVersion "1"]
[SourceVersionDate "2017.10.06"]
[SourceQuality "1"]

1. e4 e6 2. d4 d5 3. exd5 exd5 4. Nf3 Nf6 5. Bd3 Bd6 6. 0-0 0-0 7. Bg5 Bg4 8. Nbd2 Nbd7 9. c3 c6 10. Qc2 Qc7 11. Rfe1 Rfe8 12. Bh4 Bf4 13. Bg3 Bxg3 14. hxg3 Qd6 15. Qb3 Bxf3 16. Nxf3 Qc7 17. Qc2 g6 18. Nh2 Rxe1+ 19. Rxe1 Re8 20. Rxe8+ Nxe8 21. Qa4 b5 22. Qc2 Qd8 23. Qe2 Nef6 24. Bc2 Qe8 25. Qxe8+ Nxe8 26. a4 a6 27. a5 Nd6 28. b4 Kg7 29. Kf1 f6 30. Ke2 Kf7 31. Bd3 Kg7 32. Kf3 Kf7 33. Ke2 Kg7 34. Kf3 Kf7 35. Ke2 1/2-1/2

[Event "Asia-ch U08"]
[Site "Ulaanbaatar"]
[Date "2016.04.08"]
[Round "4.12"]
[White "Priansh, Das"]
[Black "Midilesh, MS."]
[Result "0-1"]
[WhiteElo "1302"]
[BlackElo "1222"]
[PlyCount "87"]
[EventDate "2016.04.06"]
[EventType "swiss"]
[EventRounds "9"]
[EventCountry "MGL"]
[SourceTitle "EXT 2022"]
[Source "ChessBase"]
[SourceDate "2021.10.06"]
[SourceVersion "1"]
[SourceVersionDate "2021.10.06"]
[SourceQuality "1"]

1. d4 Nf6 2. Bf4 g6 3. Nf3 Bg7 4. e3 0-0 5. Be2 d6 6. h3 Bf5 7. c4 Nc6 8. Nc3 Re8 9. 0-0 e5 10. Bh2 exd4 11. exd4 Ne4 12. Re1 Qf6 13. Nd5 Qd8 14. Bd3 Qd7 15. Qc2 Nf6 16. Bxf5 Qxf5 17. Qxf5 gxf5 18. Nxc7 Rxe1+ 19. Rxe1 Rd8 20. Nb5 Ne4 21. Nh4 Nxd4 22. Nxf5 Nxf5 23. Rxe4 Bxb2 24. Rg4+ Kf8 25. Rg5 Re8 26. Bf4 Ne7 27. Nxd6 Rb8 28. Rb5 Bd4 29. Nxb7 Rc8 30. Nd6 Rd8 31. Rb7 Bc5 32. Bh6+ Kg8 33. Ne4 Nf5 34. Nf6+ Kh8 35. Rxf7 Rd1+ 36. Kh2 Bd6+ 37. g3 Bxg3+ 38. fxg3 Rd2+ 39. Kg1 Rd1+ 40. Kf2 Rd2+ 41. Ke1 Re2+ 42. Kxe2 Nd4+ 43. Kd3 Ne6 44. Rxh7# 0-1